000 00744nam a22002537a 4500
005 20220310094639.0
008 220310b ||||| |||| 00| 0 eng d
020 _a9789388408561
040 _cAL
041 _aEnglish
082 _223
_a657.46
_bMEHG
100 _aMehrotra H C and others
_923266
245 _aGoods and Services Tax and Customs duty
260 _aAgra
_bSahitya Bhawan Publications
_c2021
300 _aii,397 p.
_bPB
_c24x17 cm.
365 _a6319
_b₹220.00
_c
_d₹275.00
_e20%
_f08-03-2022
650 _aGoods Services
_923267
650 _aTax
_923268
650 _aCustoms Duty
_923269
650 _aIncome Tax
_923270
700 _aMEHROTRA (H C)
_923271
700 _aAGARWAL (V P)
_923272
942 _2ddc
_cBK
999 _c221802
_d221802